Statistics for 05-秋田県の市町村クイズ

Click here to take the quiz!

General Stats

  • This quiz has been taken 1,099 times
    (201 since last reset)
  • The average score is 17 of 25

Answers on the Map

Answers color-coded by a green-red scale on the quiz's map according to % correct below.
 

Answer Stats

Answer% Correct
秋田あきた
91%
男鹿おが
88%
由利本荘ゆりほんじょう
81%
横手よこて
79%
鹿角かづの
76%
仙北せんぼく
76%
湯沢ゆざわ
75%
大館おおだて
74%
にかほ
74%
北秋田きたあきた
73%
大仙だいせん
73%
能代のしろ
73%
大潟おおがたむら
72%
東成瀬ひがしなるせむら
67%
上小阿仁かみこあにむら
64%
八峰はっぽうちょう
62%
潟上かたがみ
61%
小坂こさかまち
60%
美郷みさとちょう
58%
羽後うごまち
57%
八郎潟はちろうがたまち
57%
五城目ごじょうめまち
56%
井川いかわまち
54%
藤里ふじさとまち
52%
三種みたねちょう
48%

Score Distribution

Percentile by Number Answered

Percent of People with Each Score

Your Score History

You have not taken this quiz since the last reset